| 000 | 01089nam a2200253Ia 4500 | ||
|---|---|---|---|
| 003 | IN-BaIIA | ||
| 008 | 211028s9999 xx 000 0 eng d | ||
| 020 | _a0-7923-0769-0 | ||
| 040 | _cIIA Library | ||
| 080 |
_a52(082.1) _bASS-162 |
||
| 111 |
_aWorkshop on Physical Processes in Fragmentation and Star Formation _cMonteporzio Catone, Rome _d1989 June 5-11 _916724 |
||
| 245 | 0 |
_aPhysical processes in fragmentation and star formation _bproceedings of the workshop on physical processes in fragmentation and star formation, Monteporzio Catone, Rome, 5-11 Jun 1989 _cedited byR. Capuzzo-Dolcetta, C. Chiosi and A. Di Fazio |
|
| 260 |
_aDordrecht _bKluwer Academic _c1990 |
||
| 300 | _axviii, 469p. | ||
| 490 | _aAstrophysics and space science library; v. 162 | ||
| 650 | _aAstronomy and astrophysics thesaurus | ||
| 650 |
_aAstrophysics _9794 |
||
| 650 | _aStar formation | ||
| 650 | _aStellar evolution | ||
| 700 |
_aCapuzzo-Dolcetta, R., ed. _916725 |
||
| 700 |
_aChiosi, C., ed. _916726 |
||
| 700 |
_aDi Fazio, A., ed. _916727 |
||
| 942 | _cBK | ||
| 999 |
_c9865 _d9865 |
||